[Event "Nezhmetdinov Memorial 35th"]
[Site "Kazan"]
[Date "2013.06.07"]
[Round "8"]
[White "Chigaeva, Anastasia"]
[Black "Ayupov, Damir"]
[Result "0-1"]
[WhiteElo "2097"]
[BlackElo "2334"]
[PlyCount "172"]
[EventDate "2013.05.31"]
[EventType "swiss"]
[EventRounds "9"]
[EventCountry "RUS"]
[SourceTitle "CBM 154 Extra"]
[Source "ChessBase"]
[SourceDate "2013.06.25"]
[SourceVersion "2"]
[SourceVersionDate "2013.06.25"]
[SourceQuality "1"]

1. e4 c5 2. Nf3 Nc6 3. d4 cxd4 4. Nxd4 Nf6 5. Nc3 e5 6. Ndb5 d6 7. Bg5 a6 8. Na3 b5 9. Nd5 Be7 10. Bxf6 Bxf6 11. c4 0-0 12. cxb5 Nd4 13. b6 Bh4 14. g3 Bg5 15. Bg2 Be6 16. Nc4 Bxd5 17. exd5 f5 18. f4 Rc8 19. b3 Bf6 20. 0-0 e4 21. Kh1 Rc5 22. a4 a5 23. Ra2 Qa8 24. Rd2 Qxd5 25. Ne3 Qxb3 26. Rxd4 Qxe3 27. Rxd6 Rb8 28. Qb1 Qa3 29. Qd1 Qb4 30. Re6 Rd8 31. Rd6 Rb8 32. Re6 Rxb6 33. Re8+ Kf7 34. Qd7+ Kg6 35. g4 Rb7 36. Qe6 Qc4 37. gxf5+ Kh6 38. Qxc4 Rxc4 39. Rxe4 Rbb4 40. Rxc4 Rxc4 41. Rf3 Kh5 42. Bf1 Rc2 43. Bd3 Rd2 44. h3 Kh4 45. Kg1 h5 46. Kf1 Bd4 47. Bb5 Bb6 48. Bc4 Rh2 49. Bf7 Rb2 50. Bc4 Rb4 51. Bb5 Bc7 52. Ke2 Bxf4 53. Rd3 Rb2+ 54. Kf1 Rh2 55. Bd7 Be5 56. Be6 Bf6 57. Bd7 Rb2 58. Be6 Rb4 59. Bd7 Bd4 60. Bb5 Kg5 61. Bd7 Kf4 62. Ke2 Rb2+ 63. Rd2 Rb4 64. Rd3 h4 65. Rd1 Ke4 66. Rd2 Rc4 67. Bb5 Rc1 68. Bd7 Rg1 69. Bc6+ Ke5 70. Rd3 Rc1 71. Bd7 Ke4 72. Rd2 Rc3 73. Rd3 Rc7 74. Be6 Bb6 75. Rd7 Rc2+ 76. Kd1 Rf2 77. Rd2 Rf1+ 78. Ke2 Rg1 79. Rd7 Bd4 80. Re7 Rg2+ 81. Kf1 Rf2+ 82. Ke1 Kd3 83. Bc8 Rf3 84. Ba6+ Kc3 85. Rc7+ Kb3 86. Rd7 Bc3+ 0-1

[Event "Nezhmetdinov Memorial 35th"]
[Site "Kazan"]
[Date "2013.05.31"]
[Round "1"]
[White "Ayupov, Damir"]
[Black "Murtazin, Ruslan"]
[Result "1-0"]
[WhiteElo "2334"]
[BlackElo "1710"]
[PlyCount "47"]
[EventDate "2013.05.31"]
[EventType "swiss"]
[EventRounds "9"]
[EventCountry "RUS"]
[SourceTitle "CBM 154 Extra"]
[Source "ChessBase"]
[SourceDate "2013.06.25"]
[SourceVersion "2"]
[SourceVersionDate "2013.06.25"]
[SourceQuality "1"]

1. d4 Nf6 2. c4 c5 3. d5 e6 4. Nc3 exd5 5. cxd5 d6 6. Nf3 g6 7. Bf4 a6 8. a4 Bg7 9. h3 0-0 10. e3 Re8 11. Nd2 Nh5 12. Bh2 Be5 13. Bxe5 Rxe5 14. Nc4 Re8 15. Be2 Ng7 16. a5 Qf6 17. 0-0 Nd7 18. Qc2 Ne5 19. Ne4 Qh4 20. Ncxd6 Bf5 21. Nxf5 Nxf5 22. Ra4 c4 23. d6 Rad8 24. Bxc4 1-0

[Event "Nezhmetdinov Memorial 34th"]
[Site "Kazan"]
[Date "2012.10.03"]
[Round "8.18"]
[White "Ayupov, Damir"]
[Black "Ivanov, Oleg1111"]
[Result "1-0"]
[WhiteElo "2362"]
[BlackElo "2177"]
[PlyCount "85"]
[EventDate "2012.09.25"]
[EventType "swiss"]
[EventRounds "9"]
[EventCountry "RUS"]
[SourceTitle "EXT 2022"]
[Source "ChessBase"]
[SourceDate "2021.10.06"]
[SourceVersion "1"]
[SourceVersionDate "2021.10.06"]
[SourceQuality "1"]

1. e4 e5 2. Nf3 Nc6 3. d4 exd4 4. Nxd4 Bc5 5. Nb3 Bb6 6. Nc3 d6 7. Qe2 h6 8. Be3 Nf6 9. 0-0-0 0-0 10. g4 Bxe3+ 11. Qxe3 Nxg4 12. Qg3 Kh8 13. Rg1 Rg8 14. f4 Qe7 15. Nd5 Qxe4 16. Bg2 Qc4 17. Bf1 Qe4 18. c4 Rb8 19. Re1 Qh7 20. Bd3 f5 21. Qh4 h5 22. h3 Nh6 23. Nxc7 Bd7 24. Nd5 Rbe8 25. Qxh5 Rgf8 26. Nd2 Nf7 27. Qxh7+ Kxh7 28. Nf3 Kh6 29. Kd2 Rxe1 30. Rxe1 Nfd8 31. b4 Ne6 32. Kc3 g5 33. b5 Ncd8 34. fxg5+ Nxg5 35. Nd4 f4 36. h4 Nh3 37. Kd2 Kh5 38. Re7 Bc8 39. Rh7+ Kg4 40. Be2+ Kg3 41. Rg7+ Kh2 42. Nf3+ Kh1 43. Bf1 1-0

[Event "Nezhmetdinov Memorial 34th"]
[Site "Kazan"]
[Date "2012.10.01"]
[Round "6.20"]
[White "Shaydullina, Sandugach"]
[Black "Ayupov, Damir"]
[Result "1/2-1/2"]
[WhiteElo "2162"]
[BlackElo "2362"]
[PlyCount "80"]
[EventDate "2012.09.25"]
[EventType "swiss"]
[EventRounds "9"]
[EventCountry "RUS"]
[SourceTitle "EXT 2022"]
[Source "ChessBase"]
[SourceDate "2021.10.06"]
[SourceVersion "1"]
[SourceVersionDate "2021.10.06"]
[SourceQuality "1"]

1. d4 d5 2. Nf3 Nf6 3. c4 c6 4. e3 Bf5 5. Nc3 a6 6. cxd5 cxd5 7. Qb3 Ra7 8. Bd2 h6 9. Rc1 g5 10. Ne5 Bg7 11. Qa4+ Kf8 12. Qb3 Nbd7 13. Nxd7+ Qxd7 14. Na4 b5 15. Nc5 Qd6 16. a4 bxa4 17. Qxa4 Kg8 18. f3 Kh7 19. g4 Bg6 20. Kf2 Re8 21. h4 Kg8 22. hxg5 hxg5 23. Bb4 e5 24. Nd3 Qd7 25. Qxd7 Nxd7 26. dxe5 Nxe5 27. Nxe5 Bxe5 28. Bc5 Bxb2 29. Rd1 Raa8 30. Rxd5 Re5 31. Rxe5 Bxe5 32. Bd4 Bxd4 33. exd4 a5 34. Bb5 a4 35. Bc6 Ra6 36. Bb5 Ra5 37. Bc4 a3 38. Ra1 Ra4 39. Bb3 Rxd4 40. Rxa3 Rd3 1/2-1/2

[Event "Tatarstan-ch op"]
[Site "Kazan"]
[Date "2012.09.10"]
[Round "8"]
[White "Ayupov, Damir"]
[Black "Gerasimov, Ivan"]
[Result "1/2-1/2"]
[WhiteElo "2362"]
[BlackElo "2330"]
[PlyCount "85"]
[EventDate "2012.09.03"]
[EventType "swiss"]
[EventRounds "9"]
[EventCountry "RUS"]
[SourceTitle "CBM 150 Extra"]
[Source "ChessBase"]
[SourceDate "2012.10.19"]
[SourceVersion "1"]
[SourceVersionDate "2012.10.19"]
[SourceQuality "1"]

1. e4 c5 2. Nf3 d6 3. d4 cxd4 4. Nxd4 Nf6 5. Nc3 a6 6. Be3 Ng4 7. Bc1 Nf6 8. Be3 e5 9. Nb3 Be6 10. f3 Be7 11. Qd2 Nbd7 12. 0-0-0 0-0 13. g4 b5 14. g5 b4 15. gxf6 bxc3 16. Qxc3 Nxf6 17. Na5 Qd7 18. Qc6 Rfc8 19. Qxd7 Nxd7 20. b3 Rc3 21. Rd3 Rxd3 22. Bxd3 d5 23. exd5 Bxd5 24. Be2 Be6 25. Rd1 Bb4 26. Nc4 Kf8 27. Kb2 f6 28. a4 a5 29. Bd2 Bxd2 30. Rxd2 Ke7 31. Ne3 Nb6 32. Bb5 f5 33. c4 Rc8 34. b4 f4 35. Nd5+ Bxd5 36. cxd5 Nc4+ 37. Bxc4 Rxc4 38. bxa5 Rxa4 39. d6+ Kd7 40. Rd5 e4 41. fxe4 Rxe4 42. Kb3 f3 43. a6 1/2-1/2

[Event "Privolzhskogo FO-ch"]
[Site "Kazan"]
[Date "2012.03.02"]
[Round "5"]
[White "Sharafiev, Azat"]
[Black "Ayupov, Damir"]
[Result "1-0"]
[WhiteElo "2443"]
[BlackElo "2360"]
[PlyCount "107"]
[EventDate "2012.02.26"]
[EventType "swiss"]
[EventRounds "9"]
[EventCountry "RUS"]
[SourceTitle "CBM 147 Extra"]
[Source "ChessBase"]
[SourceDate "2012.04.24"]
[SourceVersion "1"]
[SourceVersionDate "2012.04.24"]
[SourceQuality "1"]

1. d4 Nf6 2. c4 g6 3. g3 c6 4. Bg2 d5 5. b3 Bg7 6. Nf3 0-0 7. 0-0 dxc4 8. bxc4 c5 9. Bb2 cxd4 10. Nxd4 Na6 11. Nc3 Nc5 12. Nb3 Qb6 13. Ba3 Nxb3 14. axb3 Rd8 15. Qc2 Bf8 16. c5 Qc7 17. Bb4 Bf5 18. Qc1 Rdc8 19. Nb5 Qb8 20. Qe3 Bd7 21. Nd4 e5 22. Qf3 exd4 23. Qxf6 Bxc5 24. Bd5 Be8 25. Bd2 Rd8 26. Bh6 Bf8 27. Bxf8 Kxf8 28. Qh8+ Ke7 29. Qxd4 Bc6 30. Qh4+ Kf8 31. Bxc6 bxc6 32. Qxh7 Qxb3 33. Qh8+ Ke7 34. Qe5+ Qe6 35. Qc5+ Kf6 36. e3 Kg7 37. Rxa7 Rxa7 38. Qxa7 Qc4 39. Qa1+ Kg8 40. Rc1 Qd5 41. Qc3 Rd6 42. h4 Qf3 43. Qb4 Rd1+ 44. Rxd1 Qxd1+ 45. Kg2 Qc1 46. Qb8+ Kg7 47. Qe5+ Kg8 48. g4 Qc4 49. e4 c5 50. h5 gxh5 51. gxh5 Kh7 52. Qd5 Qc1 53. Qxf7+ Kh8 54. Qf6+ 1-0

[Event "Privolzhskogo FO-ch"]
[Site "Kazan"]
[Date "2012.02.29"]
[Round "3"]
[White "Ayupov, Damir"]
[Black "Ospennikov, Dmitry V"]
[Result "1-0"]
[WhiteElo "2360"]
[BlackElo "2200"]
[PlyCount "63"]
[EventDate "2012.02.26"]
[EventType "swiss"]
[EventRounds "9"]
[EventCountry "RUS"]
[SourceTitle "CBM 147 Extra"]
[Source "ChessBase"]
[SourceDate "2012.04.24"]
[SourceVersion "1"]
[SourceVersionDate "2012.04.24"]
[SourceQuality "1"]

1. e4 e5 2. Nf3 Nc6 3. d4 exd4 4. Nxd4 Nf6 5. Nxc6 bxc6 6. e5 Qe7 7. Qe2 Nd5 8. c4 Ba6 9. b3 g6 10. f4 Bg7 11. Qf2 Nb6 12. Ba3 Qe6 13. c5 Bxf1 14. cxb6 Ba6 15. bxc7 Qd5 16. Nc3 Qd3 17. Qd2 f6 18. Qxd3 Bxd3 19. 0-0-0 Bf5 20. Bd6 Kf7 21. Rhe1 Rhe8 22. Na4 g5 23. g3 h5 24. Nc5 gxf4 25. gxf4 Bh6 26. Kb2 Bg7 27. Ka3 fxe5 28. fxe5 Bh8 29. Ka4 a5 30. Rf1 Kg6 31. Rg1+ Kh6 32. e6 1-0

[Event "Kazan Region-ch 6th"]
[Site "Kazan"]
[Date "2008.01.29"]
[Round "7"]
[White "Ayupov, Damir"]
[Black "Orekhov, Viktor"]
[Result "1/2-1/2"]
[WhiteElo "2373"]
[BlackElo "2263"]
[PlyCount "80"]
[EventDate "2008.01.23"]
[EventType "swiss"]
[EventRounds "9"]
[EventCountry "RUS"]
[SourceTitle "CBM 122 Extra"]
[Source "ChessBase"]
[SourceDate "2008.03.04"]
[SourceVersion "1"]
[SourceVersionDate "2008.03.04"]
[SourceQuality "1"]

1. e4 c5 2. Nf3 e6 3. c3 d5 4. exd5 Qxd5 5. d4 Nc6 6. Bd3 Nf6 7. 0-0 Be7 8. Be3 0-0 9. Qe2 b6 10. dxc5 Bxc5 11. Rd1 Qh5 12. Bxc5 Qxc5 13. Nbd2 Bb7 14. Ne4 Nxe4 15. Qxe4 g6 16. Qh4 Kg7 17. Be4 Rad8 18. Rxd8 Nxd8 19. Bxb7 Nxb7 20. Rd1 Nd6 21. h3 Nf5 22. Qf4 Re8 23. Qe5+ Qxe5 24. Nxe5 Re7 25. g4 Nh6 26. Rd8 Rc7 27. g5 Ng8 28. f4 h6 29. h4 f6 30. gxf6+ Nxf6 31. Kf2 g5 32. Kf3 gxh4 33. Rd1 Kh7 34. Rh1 Rg7 35. Rh3 Rg1 36. c4 Rf1+ 37. Ke3 Re1+ 38. Kf3 Rf1+ 39. Ke3 Re1+ 40. Kf3 Rf1+ 1/2-1/2

[Event "Kazan Region-ch 6th"]
[Site "Kazan"]
[Date "2008.01.28"]
[Round "6"]
[White "Bukavshin, Ivan"]
[Black "Ayupov, Damir"]
[Result "1-0"]
[WhiteElo "2255"]
[BlackElo "2373"]
[PlyCount "71"]
[EventDate "2008.01.23"]
[EventType "swiss"]
[EventRounds "9"]
[EventCountry "RUS"]
[SourceTitle "CBM 122 Extra"]
[Source "ChessBase"]
[SourceDate "2008.03.04"]
[SourceVersion "1"]
[SourceVersionDate "2008.03.04"]
[SourceQuality "1"]

1. e4 e6 2. d4 d5 3. Nd2 Nf6 4. e5 Nfd7 5. Bd3 c5 6. c3 Nc6 7. Ne2 cxd4 8. cxd4 f6 9. exf6 Nxf6 10. Nf3 Bd6 11. 0-0 0-0 12. Bf4 Bxf4 13. Nxf4 Ne4 14. Qc1 Ng5 15. Nxg5 Qxg5 16. Bxh7+ Kxh7 17. Nxe6 Qf5 18. Nxf8+ Qxf8 19. Qg5 Bf5 20. Rfe1 Kg8 21. Rad1 Qf7 22. f3 Be6 23. Kf2 Re8 24. h4 Re7 25. Re3 Kf8 26. h5 Ke8 27. g4 Kd7 28. f4 Qf6 29. Kg3 Nd8 30. Qxf6 gxf6 31. f5 Bg8 32. Rxe7+ Kxe7 33. Kf4 Nc6 34. h6 Bh7 35. a3 Kf7 36. b4 1-0

[Event "Kazan Region-ch 6th"]
[Site "Kazan"]
[Date "2008.01.26"]
[Round "4"]
[White "Kuporosov, Viktor"]
[Black "Ayupov, Damir"]
[Result "1-0"]
[WhiteElo "2439"]
[BlackElo "2373"]
[PlyCount "125"]
[EventDate "2008.01.23"]
[EventType "swiss"]
[EventRounds "9"]
[EventCountry "RUS"]
[SourceTitle "CBM 122 Extra"]
[Source "ChessBase"]
[SourceDate "2008.03.04"]
[SourceVersion "1"]
[SourceVersionDate "2008.03.04"]
[SourceQuality "1"]

1. e4 e6 2. d4 d5 3. Nd2 Nf6 4. e5 Nfd7 5. Bd3 c5 6. c3 Nc6 7. Ne2 cxd4 8. cxd4 f6 9. exf6 Nxf6 10. 0-0 Bd6 11. Nf3 0-0 12. Bf4 Bxf4 13. Nxf4 Ne4 14. Qc1 Ng5 15. Nxg5 Qxg5 16. Ne2 Qf6 17. Qe3 Bd7 18. Rad1 Be8 19. Rd2 a6 20. Re1 Bh5 21. Ng3 Bf7 22. Be2 e5 23. dxe5 Nxe5 24. b3 Rae8 25. Qd4 Qe6 26. Red1 Re7 27. h3 Rc8 28. Bg4 Nxg4 29. hxg4 Qg6 30. Nf5 Re6 31. Qb4 Qf6 32. Rxd5 Rce8 33. Rd6 h5 34. Rxe6 Bxe6 35. Nd6 Rf8 36. Qd4 Qg5 37. gxh5 Qxh5 38. Re1 Rf6 39. Qe5 Qg4 40. Ne4 Rg6 41. Ng5 Rxg5 42. Qxe6+ Qxe6 43. Rxe6 Ra5 44. a4 Rf5 45. Rb6 Rf7 46. f3 Rc7 47. Kf2 Re7 48. f4 Kf7 49. Kf3 Kf8 50. Kg4 Kf7 51. Kg5 Rc7 52. g4 Rc5+ 53. f5 Rc7 54. a5 Rd7 55. b4 Rc7 56. Kf4 Re7 57. g5 Kf8 58. g6 Rc7 59. Ke5 Ke7 60. Re6+ Kf8 61. f6 gxf6+ 62. Rxf6+ Kg8 63. Rf7 1-0

[Event "Nezhmetdinov Memorial 29th"]
[Site "Kazan"]
[Date "2007.06.08"]
[Round "8"]
[White "Homiakova, Ekaterina"]
[Black "Ayupov, Damir"]
[Result "0-1"]
[WhiteElo "2059"]
[BlackElo "2388"]
[PlyCount "88"]
[EventDate "2007.06.01"]
[EventType "swiss"]
[EventRounds "9"]
[EventCountry "RUS"]
[SourceTitle "CBM 119 Extra"]
[Source "ChessBase"]
[SourceDate "2007.09.04"]
[SourceVersion "1"]
[SourceVersionDate "2007.09.04"]
[SourceQuality "1"]

1. e4 c5 2. Nf3 d6 3. d4 cxd4 4. Nxd4 Nf6 5. Nc3 a6 6. Bg5 e6 7. f4 Qb6 8. Nb3 Nbd7 9. Qf3 Qc7 10. 0-0-0 b5 11. Bxf6 Nxf6 12. g4 b4 13. Nb1 Bb7 14. N1d2 Be7 15. f5 exf5 16. gxf5 d5 17. Bd3 dxe4 18. Nxe4 0-0 19. Rhg1 Rfe8 20. Qg2 g6 21. fxg6 hxg6 22. Qg3 Rac8 23. Qxc7 Rxc7 24. Ng3 Bd6 25. Kb1 Be5 26. h4 Kf8 27. Rdf1 Bd5 28. Ne2 Bc4 29. Nf4 Kg7 30. Bxc4 Rxc4 31. Nd3 Rxh4 32. Nd2 Bd6 33. Nf3 Rhe4 34. Ng5 Re2 35. Nf3 R2e4 36. Nc1 Re3 37. Ng5 R8e7 38. Nd3 a5 39. Nf3 Ne4 40. Kc1 Ng3 41. Rf2 Rxf3 42. Rxf3 Ne2+ 43. Kd2 Nxg1 44. Rf1 Nh3 0-1

[Event "Nezhmetdinov Memorial 29th"]
[Site "Kazan"]
[Date "2007.06.03"]
[Round "3"]
[White "Ayupov, Damir"]
[Black "Gleizerov, Evgeny"]
[Result "1/2-1/2"]
[WhiteElo "2388"]
[BlackElo "2570"]
[PlyCount "63"]
[EventDate "2007.06.01"]
[EventType "swiss"]
[EventRounds "9"]
[EventCountry "RUS"]
[SourceTitle "CBM 119 Extra"]
[Source "ChessBase"]
[SourceDate "2007.09.04"]
[SourceVersion "1"]
[SourceVersionDate "2007.09.04"]
[SourceQuality "1"]

1. Nf3 d5 2. d4 c6 3. Bf4 Qb6 4. b3 Nf6 5. e3 Bg4 6. Be2 e6 7. 0-0 Be7 8. h3 Bh5 9. c4 0-0 10. Nc3 Nbd7 11. Qc2 Bg6 12. Qb2 dxc4 13. Bxc4 Nd5 14. Ne5 Nxe5 15. Bxe5 Qa5 16. Nb1 Rfd8 17. a3 f6 18. Bg3 c5 19. dxc5 Qxc5 20. Nc3 Nxc3 21. Qxc3 Qc6 22. Rfc1 Rac8 23. Qb2 Qb6 24. Rc3 Kf8 25. Rac1 e5 26. b4 a5 27. Ba2 Rxc3 28. Qxc3 axb4 29. Qb3 Ke8 30. Qa4+ Kf8 31. Qb3 Ke8 32. Qa4+ 1/2-1/2

[Event "Moscow op 03rd"]
[Site "Moscow"]
[Date "2007.02.02"]
[Round "7"]
[White "Ayupov, Damir"]
[Black "Yuzhakov, Oleg"]
[Result "1/2-1/2"]
[WhiteElo "2403"]
[BlackElo "2221"]
[PlyCount "21"]
[EventDate "2007.01.27"]
[EventType "swiss"]
[EventRounds "9"]
[EventCountry "RUS"]
[SourceTitle "CBM 116 Extra"]
[Source "ChessBase"]
[SourceDate "2007.03.07"]
[SourceVersion "1"]
[SourceVersionDate "2007.03.07"]
[SourceQuality "1"]

1. d4 e6 2. c4 d5 3. Nc3 c6 4. e3 f5 5. f4 Nf6 6. Nf3 Bd6 7. c5 Bc7 8. Rb1 Ne4 9. Bd2 0-0 10. Be2 b6 11. b4 1/2-1/2

[Event "Moscow op 03rd"]
[Site "Moscow"]
[Date "2007.01.28"]
[Round "2"]
[White "Shaposhnikov, Evgeny"]
[Black "Ayupov, Damir"]
[Result "1-0"]
[WhiteElo "2554"]
[BlackElo "2403"]
[PlyCount "87"]
[EventDate "2007.01.27"]
[EventType "swiss"]
[EventRounds "9"]
[EventCountry "RUS"]
[SourceTitle "CBM 116 Extra"]
[Source "ChessBase"]
[SourceDate "2007.03.07"]
[SourceVersion "1"]
[SourceVersionDate "2007.03.07"]
[SourceQuality "1"]

1. e4 e6 2. d4 d5 3. Nc3 Nf6 4. e5 Nfd7 5. f4 c5 6. Nf3 Nc6 7. Be3 Qb6 8. Na4 Qa5+ 9. c3 c4 10. b4 Qc7 11. g3 b5 12. Nc5 a5 13. a3 Nxc5 14. dxc5 Be7 15. Bh3 0-0 16. 0-0 Bd7 17. Qd2 axb4 18. axb4 Qb7 19. Rac1 Ra3 20. Nd4 Rfa8 21. Nxc6 Qxc6 22. Bd4 Ra2 23. Qe3 Rb2 24. Rf2 Rxf2 25. Qxf2 Qa6 26. f5 exf5 27. Bxf5 Be6 28. Rf1 Bd8 29. Qc2 g6 30. Bxe6 Qxe6 31. Qd2 Ra6 32. Qh6 Be7 33. Rf2 Qg4 34. Qf4 Qe6 35. Kg2 Bf8 36. Qf6 Bg7 37. Qd8+ Bf8 38. Qb8 Qd7 39. h3 h5 40. Rf6 Re6 41. c6 Rxc6 42. Qxb5 Rc7 43. Qxd7 Rxd7 44. b5 1-0

[Event "Moscow op 03rd"]
[Site "Moscow"]
[Date "2007.01.27"]
[Round "1"]
[White "Ayupov, Damir"]
[Black "Bukhteeva, Viktoria"]
[Result "1-0"]
[WhiteElo "2403"]
[BlackElo "2109"]
[PlyCount "73"]
[EventDate "2007.01.27"]
[EventType "swiss"]
[EventRounds "9"]
[EventCountry "RUS"]
[SourceTitle "CBM 116 Extra"]
[Source "ChessBase"]
[SourceDate "2007.03.07"]
[SourceVersion "1"]
[SourceVersionDate "2007.03.07"]
[SourceQuality "1"]

1. d4 c5 2. d5 f5 3. g3 Nf6 4. Bg2 d6 5. Nh3 Nbd7 6. Nf4 Ne5 7. h4 g6 8. h5 Bg7 9. h6 Bf8 10. Nc3 Bd7 11. Ne6 Bxe6 12. dxe6 Qb6 13. Nd5 Nxd5 14. Qxd5 0-0-0 15. Bg5 Qc6 16. Rd1 Rg8 17. Kf1 Qb6 18. Qb3 Qa6 19. Bd5 Kb8 20. c4 Nc6 21. a3 Nd4 22. Qd3 Nc6 23. Kg2 Kc8 24. e3 Kc7 25. Rb1 Qa4 26. Qc3 b6 27. b4 Rc8 28. Rhd1 Rd8 29. Rd2 a6 30. bxc5 dxc5 31. Bf4+ Kb7 32. Qb2 b5 33. cxb5 axb5 34. Qxb5+ Qxb5 35. Rxb5+ Ka7 36. Bxc6 Rxd2 37. Bc7 1-0

[Event "Nezhmetdinov Memorial 28th"]
[Site "Kazan"]
[Date "2006.06.08"]
[Round "8"]
[White "Kniazev, Igor"]
[Black "Ayupov, Damir"]
[Result "0-1"]
[WhiteElo "2244"]
[BlackElo "2398"]
[PlyCount "114"]
[EventDate "2006.06.01"]
[EventType "swiss"]
[EventRounds "9"]
[EventCountry "RUS"]
[SourceTitle "CBM 112 Extra"]
[Source "ChessBase"]
[SourceDate "2006.07.14"]
[SourceVersion "1"]
[SourceVersionDate "2006.07.14"]
[SourceQuality "1"]

1. d4 d5 2. c4 c6 3. Nc3 Nf6 4. Nf3 e6 5. c5 b6 6. b4 a5 7. Na4 Nbd7 8. Bd2 axb4 9. cxb6 Ne4 10. Qc2 c5 11. dxc5 Ndxc5 12. Nxc5 Bxc5 13. e3 Qxb6 14. Rc1 Bb7 15. Bd3 Bd6 16. 0-0 0-0 17. Rfd1 Ra3 18. Nd4 Rfa8 19. Ra1 Ba6 20. Bxe4 dxe4 21. Qxe4 Bb7 22. Qg4 Bd5 23. Nc2 Rxa2 24. Rxa2 Rxa2 25. Nxb4 Rxd2 26. Rxd2 Bxb4 27. Rd1 f5 28. Qg5 h6 29. Qg6 Qc7 30. h4 Bd6 31. h5 Qc6 32. Rb1 Qa4 33. Rc1 Qd7 34. Rd1 Qf7 35. Qxf7+ Kxf7 36. f4 Kf6 37. Kf2 Be7 38. Ra1 Bc6 39. g3 Be8 40. Rh1 e5 41. Ke2 Ke6 42. Kf2 Bf6 43. Ke2 Kd5 44. Kf3 Kc4 45. Ke2 Bf7 46. Rh2 Kc3 47. Rh1 Bc4+ 48. Kf2 Kd2 49. fxe5 Bxe5 50. Rh4 Be2 51. Ra4 Bg4 52. e4 Kd3 53. exf5 Bd4+ 54. Kg2 Ke4 55. Ra8 Kxf5 56. Ra5+ Be5 57. Kf2 Bxh5 0-1

[Event "RUS-chT Clubs"]
[Site "Sochi"]
[Date "2005.04.25"]
[Round "8"]
[White "Ayupov, Damir"]
[Black "Nevostrujev, Vladimir"]
[Result "1/2-1/2"]
[WhiteElo "2364"]
[BlackElo "2481"]
[PlyCount "38"]
[EventDate "2005.04.19"]
[EventType "team"]
[EventRounds "9"]
[EventCountry "RUS"]
[SourceTitle "EXT 2006"]
[Source "ChessBase"]
[SourceDate "2005.11.24"]
[SourceVersion "1"]
[SourceVersionDate "2005.11.24"]
[SourceQuality "1"]

1. d4 Nf6 2. c4 g6 3. Nc3 Bg7 4. e4 d6 5. Nf3 0-0 6. Be2 e5 7. 0-0 Na6 8. dxe5 dxe5 9. Be3 Qe7 10. Nd5 Qd8 11. Qc2 c6 12. Nxf6+ Bxf6 13. Rfd1 Qe7 14. c5 Nc7 15. h3 Be6 16. Rd2 Rfd8 17. Rad1 Rxd2 18. Rxd2 Rd8 19. b4 Rxd2 1/2-1/2

[Event "RUS-chT2"]
[Site "Sochi"]
[Date "2004.04.26"]
[Round "7.2"]
[White "Ayupov, Damir"]
[Black "Kositsin, Sergey"]
[Result "1/2-1/2"]
[WhiteElo "2325"]
[BlackElo "2429"]
[PlyCount "35"]
[EventDate "2004.04.20"]
[EventType "team"]
[EventRounds "9"]
[EventCountry "RUS"]
[SourceTitle "CBM 100 Extra"]
[Source "ChessBase"]
[SourceDate "2004.07.06"]
[SourceVersion "2"]
[SourceVersionDate "2004.07.06"]
[SourceQuality "1"]
[WhiteTeam "08"]
[BlackTeam "07"]
[WhiteTeamCountry "RUS"]
[BlackTeamCountry "RUS"]

1. d4 Nf6 2. c4 g6 3. Nc3 Bg7 4. e4 d6 5. Nf3 0-0 6. Be2 Bg4 7. Be3 Nfd7 8. Ng1 Bxe2 9. Ngxe2 c5 10. 0-0 Nc6 11. b3 Qa5 12. Rc1 cxd4 13. Nxd4 Rfc8 14. Nd5 Qd8 15. Qd2 a6 16. Rc2 Rab8 17. Rfc1 Nf6 18. Nxc6 1/2-1/2

[Event "RUS-chT2"]
[Site "Sochi"]
[Date "2004.04.23"]
[Round "4.2"]
[White "Chuprov, Dmitry"]
[Black "Ayupov, Damir"]
[Result "0-1"]
[WhiteElo "2549"]
[BlackElo "2325"]
[PlyCount "82"]
[EventDate "2004.04.20"]
[EventType "team"]
[EventRounds "9"]
[EventCountry "RUS"]
[SourceTitle "CBM 100 Extra"]
[Source "ChessBase"]
[SourceDate "2004.07.06"]
[SourceVersion "2"]
[SourceVersionDate "2004.07.06"]
[SourceQuality "1"]
[WhiteTeam "11"]
[BlackTeam "08"]
[WhiteTeamCountry "RUS"]
[BlackTeamCountry "RUS"]

1. e4 e6 2. Nf3 d5 3. e5 c5 4. b4 cxb4 5. a3 d4 6. axb4 Bxb4 7. c3 dxc3 8. Qa4+ Nc6 9. Bb5 cxd2+ 10. Nbxd2 Bxd2+ 11. Bxd2 Nge7 12. Ba5 b6 13. Bb4 Bd7 14. Rd1 Rc8 15. 0-0 Nd5 16. Rxd5 exd5 17. Bxc6 Bxc6 18. Qa6 h5 19. Nd4 Bd7 20. Qd3 Rc4 21. Bd6 Rh6 22. f4 b5 23. Kh1 Qb6 24. Ne2 Rxd6 25. exd6 Qxd6 26. f5 a5 27. Nd4 Qe5 28. Nf3 Qxf5 29. Qe3+ Qe6 30. Qa7 a4 31. Qb8+ Rc8 32. Qf4 Qg4 33. Qd6 Be6 34. Re1 Rc2 35. Qb8+ Ke7 36. Qa7+ Kf6 37. Rg1 Qf4 38. Qa5 Rc1 39. Ne1 Qe3 40. Qb4 d4 41. h3 Qc3 0-1